Subdivision centers closest to Krško (SI) - Statistics

General Stats
  • This quiz has been taken 12 times
  • The average score is 11 of 20
Answer Stats
Distance (km) Answer % Correct
4 41 Zagreb
100%
10 77 Ljubljana
80%
7 68 Maribor
80%
1 30 Novo Mesto
80%
2 35 Celje
60%
19 124 Graz
60%
5 41 Trbovlje
60%
9 76 Varaždin
60%
20 130 Bihać
40%
16 104 Bjelovar
40%
12 87 Čakovec
40%
6 52 Karlovac
40%
17 106 Koprivnica
40%
13 93 Kranj
40%
3 37 Krapina
40%
14 94 Murska Sobota
40%
15 101 Postojna
40%
18 108 Rijeka
40%
11 86 Sisak
40%
8 69 Slovenj Gradec
40%
No matching quizzes found
Score Distribution
Percent of People with Each Score
Percentile by Number Answered
Your Score History
You have not taken this quiz